Statystyki dla Wyspy według najbliższego państwa kontynentalnego

Kliknij tutaj aby rozwiązać quiz!

Ogólne statystyki

  • Ten quiz został rozwiązany 13 406 razy
  • Średni wynik to 13 z 20

Statystyki odpowiedzi

kmWyspaKraj% Poprawnych
33Wielka BrytaniaFrancja
96%
770GrenlandiaKanada
96%
128TajwanChiny
94%
248MaltaWłochy
93%
70CyprTurcja
87%
974IslandiaNorwegia
86%
1SingapurMalezja
80%
22BahrajnArabia Saudyjska
74%
210KubaMeksyk
67%
18RodosTurcja
67%
1096BermudyStany Zjednoczone
66%
417MadagaskarMozambik
61%
499Falklandy
Zachodnie
Argentyna
59%
15TrynidadWenezuela
58%
307TeneryfaMaroko
55%
180HonsiuKorea Południowa
53%
86CejlonIndie
52%
624JamajkaHonduras | Nikaragua
50%
234SokotraSomalia
17%
714AttuRosja
15%

Rozkład punktacji

Percentyl według liczby udzielonych odpowiedzi

Procent ludzi z każdym wynikiem

Twoja historia wyników

Nie rozwiązałeś tego quizu